Estratègia mundial per a la conservació : la conservació dels recursos vius per a la consecució d' un desenvolupament sostingut / elaborada per la Unió Internacional per a la Conservació de la Natura i dels Recursos Naturals (UICN) ; amb l assessorament, la cooperació i el suport financer del Programa de les Nacions Unides per al Medi Ambient (PNUMA) i el World Wildlife Fund (WWF) la conservació dels recursos vius per a la consecució d' un desenvolupament sostingut / elaborada per la Unió Internacional per a la Conservació de la Natura i dels Recursos Naturals (UICN) ; amb l assessorament, la cooperació i el suport financer del Programa de les Nacions Unides per al Medi Ambient (PNUMA) i el World Wildlife Fund (WWF)
MARC
| LEADER | 00000nam a2200000Ia 4500 | ||
|---|---|---|---|
| 001 | 7615 | ||
| 003 | BGR | ||
| 005 | 20260324175612.0 | ||
| 008 | 160829s1986 xx 000 0 cat d | ||
| 020 | |a 84-505-4345-2 | ||
| 080 | |a C-2-135 | ||
| 110 | 2 | |a International Union for Conservation of Nature and Natural Resources |9 71064 | |
| 245 | |a Estratègia mundial per a la conservació : |b la conservació dels recursos vius per a la consecució d' un desenvolupament sostingut / elaborada per la Unió Internacional per a la Conservació de la Natura i dels Recursos Naturals (UICN) ; amb l assessorament, la cooperació i el suport financer del Programa de les Nacions Unides per al Medi Ambient (PNUMA) i el World Wildlife Fund (WWF) | ||
| 260 | |a Barcelona : |b Diputació de Barcelona, Servei de Parcs Naturals, |c 1986 | ||
| 300 | |a VII, [47] p., [10] p. de map. ; |c 30 cm | ||
| 590 | |a Notes, referències bibliogràfiques, bibliografia | ||
| 650 | |a Recursos naturals |9 34752 | ||
| 700 | |a Nacions Unides. Programa per al Medi Ambient |9 28946 | ||
| 710 | |a Barcelona (Catalunya : Província). |b Servei de Parcs Naturals |9 53492 | ||
| 710 | 2 | |a Fons Mundial per la Natura |9 55544 | |
| 901 | |a Arxiu | ||
| 942 | |n 1 |2 udc |c MON | ||
| 952 | |0 0 |1 0 |4 0 |6 C2135 |7 1 |9 46630 |a Arxiu |b Arxiu |d 2016-12-01 |l 0 |o C-2-135 |p 7615 |r 2016-12-01 00:00:00 |w 2016-12-01 |y ARXIU | ||
| 999 | |c 50423 |d 50423 | ||